000 00557nam a2200169 i 4500
001 59192
003 ES-MaACL
005 20230906164001.0
007 t|
008 031027s1943 sp ||||1| spa d
100 1 _aElías de Tejada, Francisco.
_946976
245 1 3 _aLa sátira política en Portugal durante el siglo XV /
_cFrancisco Elías de Tejada Spínola.
260 _aMadrid :
_b[s.n.,
_c1943]
300 _a31 p. ;
_c24 cm.
500 _aTirada aparte de la Rev. de la Universidad de Madrid, T. II, Fase III, 1942.
852 _aES-MaACL
_j1850-F-12
999 _c59192
_d59192